North Dakota Alumni - Statistics

General Stats
  • This quiz has been taken 6 times
  • The average score is 5 of 10
Answer Stats
Hint Answer % Correct
Hall of Fame coach who coached the Chicago Bulls and Los Angeles Lakers and winner of 11 NBA titles as coach Phil Jackson
100%
Ice hockey centre who played for the Chicago Blackhawks Jonathan Toews
67%
Former ice hockey left winger who played most notably for the Minnesota Wild Zach Parise
67%
Senator from North Dakota from 1992 to 2011 Byron Dorgan
50%
Governor of North Dakota from 1992 to 2000 Ed Schafer
50%
Governor of North Dakota since 2024 Kelly Armstrong
50%
Ice hockey right winger who plays for the Washington Capitals T. J. Oshie
50%
Senator from North Dakota from 2013 to 2019 Heidi Heitkamp
33%
Owner of the Winnipeg Jets Mark Chipman
33%
Actor, "Forrest Gump" "Lost" "Friends" "Angel" Sam Anderson
33%
No matching quizzes found
Score Distribution
Percent of People with Each Score
Percentile by Number Answered
Your Score History
You have not taken this quiz